Validation of the Slovak Version of Tolerance Scale on a Sample of Young Adults and Adolescents

Tolerancia zohráva kľúčovú úlohu pri podporovaní mierového spolunažívania, najmä v kontexte globálnej migrácie, kde imigranti a utečenci často čelia predsudkom a diskriminácii. Štúdia prispieva k metodologickému a teoretickému pokroku v meraní tolerancie v rôznych kultúrnych kontextoch. Zdôrazňuje o...

ver descrição completa

Na minha lista:
Detalhes bibliográficos
Autor principal: Prošek, Tomáš
Formato: Capítulo de Livro
Idioma:inglês
Assuntos:
Tags: Adicionar Tag
Sem tags, seja o primeiro a adicionar uma tag!

MARC

LEADER 00000naa a2200000 4500
001 0312815
005 20251015101541.3
041 0 |a eng 
044 |a SK 
245 1 0 |a Validation of the Slovak Version of Tolerance Scale on a Sample of Young Adults and Adolescents  |c Tomáš Prošek ...[et al.] 
520 |a Tolerancia zohráva kľúčovú úlohu pri podporovaní mierového spolunažívania, najmä v kontexte globálnej migrácie, kde imigranti a utečenci často čelia predsudkom a diskriminácii. Štúdia prispieva k metodologickému a teoretickému pokroku v meraní tolerancie v rôznych kultúrnych kontextoch. Zdôrazňuje orientáciu na hodnotu rozdielov a jej odlišnú povahu od predsudkov. Hlavným cieľom bolo prispôsobiť stupnicu tolerancie do slovenčiny a vyhodnotiť jej psychometrické vlastnosti u mladých dospelých a adolescentov. 
610 2 0 |a psychológia aplikovaná 
610 2 0 |a tolerancia 
610 2 0 |a meranie 
610 2 0 |a metodológia 
610 2 0 |a správanie sociálne 
610 2 0 |a mladiství 
610 2 0 |a mládež 
100 1 |a Prošek, Tomáš